| 000 | 00602nam a2200169 i 4500 | ||
|---|---|---|---|
| 001 | 81134 | ||
| 003 | ES-MaACL | ||
| 005 | 20230906174357.0 | ||
| 007 | t| | ||
| 008 | 041103s1918 sp ||||1| spa d | ||
| 100 | 1 |
_aHoyos Sáinz, Luis de, _d1868-1951 _964437 |
|
| 245 | 1 | 0 |
_aPor la España agrícola _b: seis meses de propaganda y defensa de la agricultura española : crónicas y artículos publicados en el Sol / _cLuis de Hoyos Sáinz. |
| 260 |
_aMadrid : _b[s.n., _c1918] ( _fRenovación Tipográfica) |
||
| 300 |
_a210 p. ; _c24 cm. |
||
| 852 |
_aES-MaACL _jG-4994 |
||
| 999 |
_c81134 _d81134 |
||